Trading in the zone (Record no. 234514)
[ view plain ]
| 000 -LEADER | |
|---|---|
| fixed length control field | 00688nam a22002177a 4500 |
| 005 - DATE AND TIME OF LATEST TRANSACTION | |
| control field | 20250625145550.0 |
| 008 - FIXED-LENGTH DATA ELEMENTS--GENERAL INFORMATION | |
| fixed length control field | 250624b |||||||| |||| 00| 0 eng d |
| 020 ## - INTERNATIONAL STANDARD BOOK NUMBER | |
| International Standard Book Number | 9780593538449 |
| 040 ## - CATALOGING SOURCE | |
| Transcribing agency | AL |
| 041 ## - LANGUAGE CODE | |
| Language code of text/sound track or separate title | English |
| 082 ## - DEWEY DECIMAL CLASSIFICATION NUMBER | |
| Classification number | 332.64 |
| Item number | DOUT |
| 100 ## - MAIN ENTRY--PERSONAL NAME | |
| Personal name | Mark Douglas |
| 100 ## - MAIN ENTRY--PERSONAL NAME | |
| 9 (RLIN) | 216080 |
| 245 ## - TITLE STATEMENT | |
| Title | Trading in the zone |
| Remainder of title | : master the market with confidence discipline and a winning attitude |
| 260 ## - PUBLICATION, DISTRIBUTION, ETC. | |
| Place of publication, distribution, etc. | New York |
| Name of publisher, distributor, etc. | New York Institute of Finance |
| Date of publication, distribution, etc. | 2000 |
| 300 ## - PHYSICAL DESCRIPTION | |
| Extent | xxi,216p. |
| Other physical details | HB |
| Dimensions | 24x16 cm. |
| 365 ## - TRADE PRICE | |
| Price type code | KSCR-000226 |
| Price amount | ₹799.00 |
| Currency code | ₹ |
| Unit of pricing | ₹999.00 |
| Price note | 20% |
| Price effective from | 20-06-2025 |
| 650 ## - SUBJECT ADDED ENTRY--TOPICAL TERM | |
| Topical term or geographic name entry element | Stocks |
| 9 (RLIN) | 215808 |
| 650 ## - SUBJECT ADDED ENTRY--TOPICAL TERM | |
| Topical term or geographic name entry element | Speculation |
| 9 (RLIN) | 215809 |
| 700 ## - ADDED ENTRY--PERSONAL NAME | |
| Personal name | Hartle,Thom |
| 9 (RLIN) | 215810 |
| 942 ## - ADDED ENTRY ELEMENTS (KOHA) | |
| Source of classification or shelving scheme | Dewey Decimal Classification |
| Koha item type | Book |
| Withdrawn status | Lost status | Source of classification or shelving scheme | Damaged status | Not for loan | Collection code | Home library | Current library | Date acquired | Source of acquisition | Cost, normal purchase price | Total Checkouts | Full call number | Barcode | Date last seen | Cost, replacement price | Price effective from | Koha item type |
|---|---|---|---|---|---|---|---|---|---|---|---|---|---|---|---|---|---|
| Dewey Decimal Classification | Management | St Aloysius Library | St Aloysius Library | 06/23/2025 | Navakarnataka Publications Pvt. Ltd. Mangaluru-575001 | 799.00 | 332.64 DOUT | 077701 | 06/24/2025 | 999.00 | 06/20/2025 | Book |